Statistics for Countries By Border #1

Click here to take the quiz!

General Stats

  • This quiz has been taken 2,296 times
  • The average score is 11 of 13

Answer Stats

Border CountriesAnswer% Correct
China, Russia, and South KoreaNorth Korea
95%
Peru and ColombiaEcuador
94%
Algeria, Mauritania, and SpainMorocco
94%
Guyana, Brazil, and FranceSuriname
94%
Laos, Vietnam, and ThailandCambodia
93%
Mexico and GuatemalaBelize
91%
Saudi ArabiaQatar
91%
Burkina Faso, Benin, and GhanaTogo
86%
Azerbaijan, Georgia, Iran, and TurkeyArmenia
85%
Eritrea, Ethiopia, and SomaliaDjibouti
84%
Liberia and GuineaSierra Leone
78%
Russia, China, Kyrgystan, and UzbekistanKazakhstan
76%
Tanzania, Zambia, and MozambiqueMalawi
72%

Score Distribution

Percentile by Number Answered

Percent of People with Each Score

Your Score History

You have not taken this quiz